000
00269nam a22001217a 4500
040
_c
SK
082
_a
910
100
_a
HUOT KONGHEANG
245
_a
Geographic information system arccatalog tutorial arcgis 9.3
260
_a
USA
_b
HUO
_c
NA
300
_a
29p.
942
_c
EK
999
_c
9234
_d
9234